| 000 | 00671nam a2200193 a 4500 | ||
|---|---|---|---|
| 001 | 0342 | ||
| 005 | 20140414132014.0 | ||
| 008 | 040910s19uu xx 00 eng d | ||
| 020 | _a0-590-44639-8 | ||
| 050 |
_aTR _bD22 1990 |
||
| 100 | _aCarmine, Mary | ||
| 245 |
_aDaniel's dinosaurs / _cby Mary Carmine ; illustrated by Martin Baynton. |
||
| 260 |
_aNew York : _bScholastic, _c1990. |
||
| 300 | _a25 p. : ill. ; cm. | ||
| 520 | _aDaniel loves dinosaurs. In fact, all he ever thinks about are dinosaurs...until one day his mother takes him to the acquarium to see the sharks... | ||
| 650 |
_aDinosaurs _xFiction. |
||
| 650 |
_aAcquarium _xFiction. |
||
| 999 |
_c113331 _d113331 |
||